00320nam a2200121Ia 4500003000400000008004100004040001600045082001800061245005500079260004800134300001100182490000500193GCL140319s9999 xx 000 0 ara d aGCL / cGCL04a813.03bج ك10aكتاب التجليات, السفر الثالث a[S.N] : bدار المستقبل ، c1986 a291 ص a